000 00188 a2200097 4500
020 _a9781490037905
041 _aspa
100 _aClaire Booher
245 _aDos Buhos en paris
942 _cK
999 _c27560
_d27560